000 00803nam a2200217Ia 4500
001 7326
003 GE_BSU
008 181216s||||||||xx |||||||||||||| ||und||
020 _a9789941419287
040 _cGE_BSU
080 _a929(479.22)
100 _aგორგოშაძე, პორფილე
245 _aრამდენიმე სურათი გურული კაცის ცხოვრებიდან.
245 _cრედ.: გიორგი ბაღათურია.
260 _aთბილისი.
260 _bცის ნამი.
260 _c2013.
300 _a207 გვ.; ილ.; 20 სმ.
653 _aრამდენიმე სურათი გურული კაცის ცხოვრებიდან.
942 _cBK
999 _c40691
_d40691